| 000 | 00824nam a2200301Ia 4500 | ||
|---|---|---|---|
| 001 | G5328 | ||
| 003 | IT-RoPAU | ||
| 008 | 130308s9999 xx 000 0 und d | ||
| 040 | _aIT-RoPAU | ||
| 040 | _cIT-RoPAU | ||
| 041 | _aITALIANO | ||
| 100 | _aJakobson Roman | ||
| 100 | _gCodice Aut. SPICS: 5256 | ||
| 245 | _aChats (Les) di Charles Baudelaire | ||
| 245 | _bSemiotica in Nuce-1-I Fondamenti e l'epistemologia Strutturale | ||
| 250 | _a1a ed. | ||
| 260 | _aROMA | ||
| 260 | _bMeltemi | ||
| 260 | _c2000 [1° Ed.:2000 - Ed.Ling.Originale:1962] | ||
| 300 | _a"13 p. (prefazione: no ; testo: 13 [pagine: 116-128])" | ||
| 650 | _aSEMIOLOGIA | ||
| 650 | _eCodice materia Spics: 3251 | ||
| 700 | _aLevi-Strauss Claude | ||
| 700 | _gCodice Aut. SPICS: 4654 | ||
| 942 | _cBK | ||
| 957 | _71 | ||
| 999 |
_c78147 _d78147 |
||
| 999 | _g1 | ||